| 000 | 01258nam a22002897i 4500 | ||
|---|---|---|---|
| 999 |
_c22910 _d22910 |
||
| 003 | AR-CdUCM | ||
| 008 | 240521b20222022 pe||||| |||| 00| 0 spa d | ||
| 020 | _a978-612-49021-9-2 | ||
| 040 |
_aMUNICIPALIDAD PROVINCIAL DEL CUSCO _cBIBLIOTECA MUNICIPAL DEL CUSCO |
||
| 041 | _hspa | ||
| 082 |
_a320.985 / A38 _bA38 |
||
| 100 |
_aAldana Rivera, Susana _915593 |
||
| 245 | _aRegiones vivas y activas : Nudos y fundamentos del Perú contemporáneo / | ||
| 260 |
_aLima : _bMinisterio de Cultura del Perú, _bProyecto Especial Bicentenario de la Independencia del Perú, _c2022. |
||
| 300 |
_a224 páginas. : _c21 cm. |
||
| 500 | _zBibliografía: páginas 215 - 220 | ||
| 505 | _aEntre la región y la nación -- Perfilando la historia de la región en la nación -- De la nación sus regiones -- La región y su historia, siglo XX | ||
| 650 |
_aEntre la región y la nación _949993 |
||
| 650 |
_aTeorías de región _949916 |
||
| 650 |
_aPerfilando la historia de la región en la nación _949994 |
||
| 650 |
_aDe la nación sus regiones _949995 |
||
| 650 |
_aLa región sur: Cusco y Puno _949996 |
||
| 700 |
_aPereyra Chávez, Nelson E. _949629 |
||
| 856 | _fwww.bicentenario.gob.pe/biblioteca | ||
| 942 |
_2ddc _cLIBROS |
||
| 945 |
_ajpb _d2024-05-21 |
||